[Event "URS-ch U20"]
[Site "Tallinn"]
[Date "1986.??.??"]
[Round "?"]
[White "Azmaiparashvili, Zurab"]
[Black "Dreev, Alexey"]
[Result "1/2-1/2"]
[WhiteElo "2465"]
[BlackElo "2450"]

1.Nf3 d5 2.c4 c6 3.e3 Nf6 4.b3 Bg4 5.Bb2 Nbd7 6.Be2 e6 7.h3 Bh5 8.d3 h6 9.O-O Bd6
10.cxd5 cxd5 11.e4 dxe4 12.dxe4 Bxf3 13.Bxf3 Be5 14.Qe2 a6 15.Rd1 Qa5 16.Nd2 b5
17.Bxe5 Nxe5 18.Qe3 O-O 19.Be2 Rfc8 20.a4 Rc3 21.Qf4 Ng6 22.Qd6 b4 23.Kf1 Rd8
24.Qxa6 Qc7 25.Nf3 Rb8 26.Qd6 Qxd6 27.Rxd6 Nxe4 28.Rd3 Nf4 29.Rd4 Nxe2 30.Rxe4 Nc1
31.Nd4 Rd8 32.a5  1/2-1/2

[Event "URS-FL"]
[Site "Lvov"]
[Date "1987.??.??"]
[Round "?"]
[White "Novikov, Igor A"]
[Black "Dreev, Alexey"]
[Result "1-0"]
[WhiteElo "2455"]
[BlackElo "2475"]

1.d4 Nf6 2.c4 e6 3.Nf3 b6 4.a3 c5 5.d5 exd5 6.cxd5 g6 7.Nc3 Bg7 8.e4 O-O
9.Bd3 d6 10.h3 Ba6 11.O-O Bxd3 12.Qxd3 Nbd7 13.Bf4 Qe7 14.Rae1 a6 15.a4 Rfc8
16.Nd2 Nh5 17.Bh2 Rcb8 18.g4 Nhf6 19.f4 Ne8 20.e5 dxe5 21.fxe5 Bxe5 22.Kh1 b5
23.Nf3 c4 24.Qe3 f6 25.g5 Qd6 26.gxf6 Bxh2 27.f7+ Kg7 28.Ne4 Qxd5 29.fxe8=N+ Rxe8
30.Kxh2 Ne5 31.Re2 Qd3 32.Nfd2 Qxe3 33.Rxe3 Rad8 34.axb5 axb5 35.Ra3 Re7
36.Ra5 b4 37.Rc1 Rd4 38.Rc5 Rxd2+ 39.Nxd2 Nd3 40.R1xc4 Nxc5 41.Kg3  1-0

[Event "URS-FL"]
[Site "Lvov"]
[Date "1987.??.??"]
[Round "?"]
[White "Chernin, Alexander"]
[Black "Dreev, Alexey"]
[Result "1/2-1/2"]
[WhiteElo "2580"]
[BlackElo "2475"]

1.d4 Nf6 2.c4 g6 3.Nc3 d5 4.cxd5 Nxd5 5.e4 Nxc3 6.bxc3 Bg7 7.Bc4 c5 8.Ne2 Nc6
9.Be3 O-O 10.O-O Bg4 11.f3 Na5 12.Bxf7+ Rxf7 13.fxg4 Rxf1+ 14.Kxf1 Qd6 15.Kg1 Qe6
16.Qd3 cxd4 17.cxd4 Rd8 18.g5 Nc4 19.Bf2 b5 20.a4 bxa4 21.Nf4 Qf7 22.Nd5 Rf8
23.Bg3 Nb6 24.h4 Nxd5 25.exd5 Qxd5 26.Rxa4 e5 27.Kh2 exd4 28.Rxa7 Be5 29.Bxe5 Qxe5+
30.Qg3 Qxg3+  1/2-1/2

[Event "URS-FL"]
[Site "Lvov"]
[Date "1987.??.??"]
[Round "?"]
[White "Janjgava, Lasha"]
[Black "Dreev, Alexey"]
[Result "1-0"]
[WhiteElo "2410"]
[BlackElo "2475"]

1.e4 e6 2.d4 d5 3.Nd2 Nf6 4.e5 Nfd7 5.Bd3 c5 6.c3 Nc6 7.Ne2 cxd4 8.cxd4 f6
9.Nf4 Nxd4 10.Qh5+ Ke7 11.exf6+ Nxf6 12.Ng6+ hxg6 13.Qxh8 e5 14.Bxg6 e4 15.O-O Ne2+
16.Kh1 Nf4 17.Bh7 Nd3 18.b3 Qd6 19.a4 Nxc1 20.Raxc1 Qf4 21.f3 e3 22.Rfe1 Kf7
23.Nf1 d4 24.Bg6+ Kxg6 25.Qxf8 Bg4 26.Qxa8 Bxf3 27.Qc8 Bd5 28.Nxe3 dxe3 29.Qh3 Ng4
30.Qg3 Qxg3 31.hxg3 Bxb3 32.Rb1 Bd5 33.a5 a6 34.Kg1 Kf5 35.Rb4 Be4 36.Rf1+ Nf2
37.Rb3  1-0

[Event "URS-FL"]
[Site "Lvov"]
[Date "1987.??.??"]
[Round "?"]
[White "Dreev, Alexey"]
[Black "Yudasin, Leonid"]
[Result "0-1"]
[WhiteElo "2475"]
[BlackElo "2480"]

1.d4 Nf6 2.c4 e6 3.Nf3 b6 4.Nc3 Bb7 5.a3 d5 6.cxd5 exd5 7.g3 Be7 8.Qa4+ c6
9.Bg2 O-O 10.O-O Nbd7 11.Bf4 Nh5 12.Rad1 Nxf4 13.gxf4 Nf6 14.Ne5 Qd6 15.e3 Rfd8
16.Kh1 Qe6 17.Rg1 c5 18.Bf3 a6 19.Rg2 b5 20.Qc2 cxd4 21.Ne2 Rac8 22.Qd3 Ne4
23.Bg4 Qf6 24.Bxc8 Bxc8 25.f3 Nc5 26.Qxd4 Ne6 27.Ng4 Nxd4 28.Nxf6+ Bxf6 29.Nxd4 Re8
30.Re2 Bh3 31.Nb3 b4 32.axb4 Rb8 33.Nc5 Rxb4 34.Nxa6 Rxb2 35.Rxb2 Bxb2 36.Rb1 Ba3
37.Rb8+ Bf8 38.Nb4 g6 39.Nxd5 Kg7 40.Kg1 Bc5 41.Kf2 Be6 42.Nc7 Ba2 43.Rb2  0-1

[Event "URS-FL"]
[Site "Lvov"]
[Date "1987.??.??"]
[Round "?"]
[White "Dreev, Alexey"]
[Black "Lputian, Smbat G"]
[Result "1/2-1/2"]
[WhiteElo "2475"]
[BlackElo "2540"]

1.d4 Nf6 2.c4 e6 3.Nf3 c5 4.d5 exd5 5.cxd5 d6 6.Nc3 g6 7.Bf4 a6 8.Ne4 Nxe4
9.Qa4+ Nd7 10.Qxe4+ Be7 11.Bxd6 Nf6 12.Bxe7 Qxe7 13.Qxe7+ Kxe7 14.Rc1 b6
15.Ne5 Nxd5 16.g3 Be6 17.Bg2 f6 18.Nc4 b5 19.Na5 Rac8 20.O-O c4 21.Rfd1 Rhd8
22.a3 c3 23.b4 c2 24.Re1 Rc3 25.Nb7 Rdc8 26.e4 Nb6 27.e5 f5 28.Re2 Rd3 29.Nc5 Rd1+
30.Re1 Rxe1+ 31.Rxe1 Na4 32.Nd3 Rd8 33.Bf1 Bc4  1/2-1/2

[Event "URS-FL"]
[Site "Lvov"]
[Date "1987.??.??"]
[Round "?"]
[White "Dreev, Alexey"]
[Black "Mikhalchishin, Adrian"]
[Result "1-0"]
[WhiteElo "2475"]
[BlackElo "2500"]

1.d4 Nf6 2.Nf3 g6 3.Bg5 Bg7 4.Nbd2 c5 5.Bxf6 Bxf6 6.Ne4 Bxd4 7.Nxd4 cxd4
8.Qxd4 O-O 9.c4 b5 10.cxb5 a6 11.e3 d6 12.Nc3 Bb7 13.e4 Qa5 14.a4 Rc8 15.Be2 axb5
16.Bxb5 Nc6 17.Bxc6 Rxc6 18.O-O Rb6 19.Nd5 Bxd5 20.exd5 Rb4 21.Qe3 Qxd5 22.Qxe7 Rxb2
23.h3 Qe5 24.Qd7 Kg7 25.a5 Ra6 26.Qc7 Rb5 27.Rfd1 Qc5 28.Rac1 Qxc7 29.Rxc7 d5
30.Rd3 Rbxa5 31.Rd7 Ra1+ 32.Kh2 R1a2 33.Rf3 Rf6 34.Rxf6 Kxf6 35.Rxd5 Rxf2
36.Ra5 g5 37.h4  1-0

[Event "URS-FL"]
[Site "Lvov"]
[Date "1987.??.??"]
[Round "?"]
[White "Dreev, Alexey"]
[Black "Ivanchuk, Vassily"]
[Result "0-1"]
[WhiteElo "2475"]
[BlackElo "2480"]

1.d4 Nf6 2.Nf3 e6 3.c4 b6 4.Nc3 Bb7 5.a3 d5 6.cxd5 Nxd5 7.Qc2 Be7 8.Bd2 Nf6
9.e4 O-O 10.Bd3 h6 11.O-O c5 12.dxc5 bxc5 13.Rfd1 Nbd7 14.Bf4 Qb6 15.Nd2 e5
16.Nc4 Qc7 17.Bg3 Nh5 18.Ne3 Nf4 19.Bf1 Ne6 20.Ncd5 Qd8 21.Nxe7+ Qxe7 22.Nf5 Qe8
23.Bb5 Nd4 24.Nxd4 exd4 25.Bd6 Bxe4 26.Qe2 Qe6 27.Bxf8 Nxf8 28.Rac1 Qg6 29.f3 Bb7
30.Rxc5 Qb6 31.Re5 Ne6 32.Bd3 g5 33.Rb5 Qc7 34.Qe5 Qd7 35.Qf5 Kf8 36.Qf6 Rc8
37.Qxh6+ Ke7 38.Rf5 Rg8 39.Qf6+ Kf8 40.Bb5 Qe7 41.Qxe7+ Kxe7 42.Bc4 g4 43.Re1 gxf3
44.Rxf7+ Kxf7 45.Bxe6+  0-1

[Event "URS-FL"]
[Site "Lvov"]
[Date "1987.??.??"]
[Round "?"]
[White "Dreev, Alexey"]
[Black "Gavrikov, Viktor"]
[Result "0-1"]
[WhiteElo "2475"]
[BlackElo "2525"]

1.d4 Nf6 2.c4 g6 3.Nc3 d5 4.cxd5 Nxd5 5.e4 Nxc3 6.bxc3 Bg7 7.Bc4 O-O 8.Ne2 c5
9.O-O Nc6 10.Be3 Bg4 11.f3 Na5 12.Bd3 cxd4 13.cxd4 Be6 14.d5 Bxa1 15.Qxa1 f6
16.Bh6 Re8 17.Kh1 Rc8 18.Qd4 Bd7 19.Rb1 Qc7 20.Qxa7 Qc5 21.Qxc5 Rxc5 22.Be3 Rcc8
23.Bd2 Nc4 24.Bf4 b5 25.Nd4 g5 26.Bg3 Na3 27.Rd1 Ra8 28.h4 gxh4 29.Bxh4 Nc4
30.Bb1 Rec8 31.Kh2 Ra4 32.Nb3 Kf7 33.Bf2 Raa8 34.f4 Be8 35.Nd4 b4 36.e5 fxe5
37.Ne6 Kg8 38.fxe5 Nxe5 39.Bd4 Nd7 40.Nf4 Rc4 41.Kg3 Nf8 42.Bb2 Ng6 43.Ne6 h5  0-1

[Event "URS-FL"]
[Site "Lvov"]
[Date "1987.??.??"]
[Round "?"]
[White "Zaichik, Gennadi"]
[Black "Dreev, Alexey"]
[Result "1-0"]
[WhiteElo "2490"]
[BlackElo "2475"]

1.e4 e6 2.d4 d5 3.e5 c5 4.c3 Qb6 5.Nf3 Bd7 6.a3 Nc6 7.b4 cxd4 8.cxd4 Nge7
9.Nc3 Nf5 10.Na4 Qd8 11.Bb2 b6 12.Rc1 g6 13.Ba6 Bh6 14.Rc3 Rb8 15.h4 O-O
16.g4 Nfe7 17.g5 Bg7 18.h5 Qe8 19.h6 Bh8 20.b5 Na5 21.Rc7 Nf5 22.Qd3 Nc4
23.Qb3 Ra8 24.Bc3 Qd8 25.Rxd7 Qxd7 26.Nb2 Na5 27.Bxa5 bxa5 28.Nd3 Qc7 29.Kd2 Qb6
30.Qc3 Rfd8 31.Rc1 Rd7 32.Qc6 Rad8 33.Qxb6 axb6 34.Rc6 Rb8 35.Nb2 Ne7 36.Rc2 Kf8
37.Kd3 Ke8 38.Nh2 Kd8 39.Ng4 Rc7 40.Rxc7 Kxc7 41.Na4 Nf5 42.Nc3 Rd8 43.Na4 Rd7
44.Nh2 Nh4 45.Ke2 Rd8 46.Ng4 Nf5 47.Kd3 Rf8 48.f3 Rd8 49.Nf2 Re8 50.Nh3 Rf8
51.Nf4 Rg8 52.Nh3 Nxh6 53.gxh6 g5 54.Nf2 Rg6 55.Ng4 f5 56.exf6 Bxf6 57.Nxb6 Kxb6
58.Bc8 Be7 59.a4 Kc7 60.Ba6 Rg8 61.Ke3 Kb6 62.Ne5 Rd8 63.Nc6 Re8 64.Ne5 Bf8
65.Nd7+ Kc7 66.Nf6 Re7 67.Kf2 Rf7 68.Ng4 Bd6 69.b6+ Kxb6 70.Bd3 Re7 71.Nf6 Kc7
72.Ba6 Rf7 73.Ne8+ Kd7  1-0

[Event "Pavlodar"]
[Site "Pavlodar"]
[Date "1987.??.??"]
[Round "?"]
[White "Mikhalchishin, Adrian"]
[Black "Dreev, Alexey"]
[Result "0-1"]
[WhiteElo "2500"]
[BlackElo "2475"]

1.d4 d5 2.c4 e6 3.g3 c6 4.Bg2 f5 5.Nf3 Nf6 6.O-O Bd6 7.Bf4 Bxf4 8.gxf4 O-O
9.Ne5 Nbd7 10.e3 Ne4 11.Nd2 Nxe5 12.dxe5 Bd7 13.Qe2 Nxd2 14.Qxd2 Be8 15.cxd5 cxd5
16.Rfc1 Bc6 17.Rc5 Kh8 18.b4 a6 19.a4 Rg8 20.Kh1 Qh4 21.Ra2 g5 22.fxg5 Rxg5
23.f4 Rxg2 24.Qxg2 Qe1+ 25.Qg1 Qxb4  0-1

[Event "Pavlodar"]
[Site "Pavlodar"]
[Date "1987.??.??"]
[Round "?"]
[White "Loginov, Valery A"]
[Black "Dreev, Alexey"]
[Result "1/2-1/2"]
[WhiteElo "2355"]
[BlackElo "2475"]

1.Nf3 d5 2.d4 Nf6 3.c4 e6 4.Nc3 Be7 5.Bg5 O-O 6.e3 h6 7.Bh4 b6 8.Rc1 Bb7
9.cxd5 Nxd5 10.Bxe7 Qxe7 11.Nxd5 Bxd5 12.Be2 Rc8 13.O-O c5 14.dxc5 Rxc5 15.Rxc5 Qxc5
16.Qa4 Bc6 17.Qf4 Nd7 18.Qc7 Bxf3 19.Qxc5 Nxc5 20.Bxf3 Rc8 21.Rc1 Rc7 22.b4 Na6
23.Rxc7 Nxc7 24.Kf1 Kf8 25.Ke2 Ke7 26.Kd3 Kd6 27.Bb7 Ke5 28.Bc6 Kd6 29.Bb7 Ke5
30.Bc6 Kd6  1/2-1/2

[Event "Pavlodar"]
[Site "Pavlodar"]
[Date "1987.??.??"]
[Round "?"]
[White "Janjgava, Lasha"]
[Black "Dreev, Alexey"]
[Result "1/2-1/2"]
[WhiteElo "2410"]
[BlackElo "2475"]

1.d4 d5 2.c4 e6 3.Nc3 Nf6 4.cxd5 exd5 5.Bg5 Nbd7 6.e3 Be7 7.Qc2 O-O 8.Bd3 c6
9.Nge2 Re8 10.O-O Nf8 11.a3 Ng6 12.Ng3 Bd6 13.Qb3 Qb6 14.Qc2 Qd8 15.Qb3 Qb6
16.Qc2 Qd8 17.Qb3 Qb6  1/2-1/2

[Event "Pavlodar"]
[Site "Pavlodar"]
[Date "1987.??.??"]
[Round "?"]
[White "Dreev, Alexey"]
[Black "Novikov, Igor A"]
[Result "1/2-1/2"]
[WhiteElo "2475"]
[BlackElo "2455"]

1.d4 Nf6 2.Nf3 d5 3.c4 e6 4.Nc3 c6 5.cxd5 exd5 6.Bg5 Bf5 7.e3 Qb6 8.Qb3 Nbd7
9.Be2 Bd6 10.O-O O-O 11.Rfe1 Rfe8 12.Nd2 Re6 13.Bh4 Qc7 14.Nf1 Qb6 15.Nd2 Rae8
16.Bg3 Bxg3 17.hxg3 Qa5 18.Qa4 Qb6 19.Qb3 Qa5 20.Qa4 Qb6 21.Qb3  1/2-1/2

[Event "Pavlodar"]
[Site "Pavlodar"]
[Date "1987.??.??"]
[Round "?"]
[White "Dreev, Alexey"]
[Black "Kharitonov, Andrei Y"]
[Result "1/2-1/2"]
[WhiteElo "2475"]
[BlackElo "2450"]

1.d4 Nf6 2.Nf3 e6 3.c4 Bb4+ 4.Nbd2 b6 5.a3 Bxd2+ 6.Qxd2 Bb7 7.b4 O-O 8.Bb2 d6
9.e3 Ne4 10.Qc2 f5 11.Bd3 Nd7 12.O-O Qe7 13.Rfd1 Ndf6 14.Rac1 Ng4 15.Rf1 Ng5
16.Nxg5 Qxg5 17.d5 Rae8 18.h3 Nf6 19.f4 Qh5 20.Qa4 a6 21.Bxf6 Rxf6 22.Qd7 Qf7
23.Qxf7+ Rxf7 24.e4 fxe4 25.Bxe4 Rfe7 26.Bf3 Kf8 27.dxe6 Bxf3 28.Rxf3 Rxe6
29.c5 dxc5 30.bxc5 Re1+  1/2-1/2

[Event "Pavlodar"]
[Site "Pavlodar"]
[Date "1987.??.??"]
[Round "?"]
[White "Dokhoian, Yury"]
[Black "Dreev, Alexey"]
[Result "1/2-1/2"]
[WhiteElo "2525"]
[BlackElo "2475"]

1.d4 d5 2.c4 e6 3.Nc3 Nf6 4.cxd5 exd5 5.Bg5 Nbd7 6.e3 Be7 7.Bd3 c6 8.Qc2 O-O
9.Nge2 Re8 10.O-O Nf8 11.f3 Ng6 12.e4 dxe4 13.fxe4 Be6 14.h3 Rc8 15.Rad1 b5
16.Kh1 Qa5 17.e5 Nd5 18.Bxe7 Rxe7 19.Qd2 Nxc3 20.Nxc3 Rd7 21.Qf2 Rcd8 22.Bxg6 fxg6
23.Ne4 Bc4 24.Rfe1 Rf8 25.Qh4 Qd8 26.Qxd8 Rfxd8 27.b3 Bd5 28.Nc5 Rf7 29.Rf1 Rf5
30.Kg1 Kf8 31.g4 Rxf1+ 32.Rxf1+ Ke7 33.Kf2 g5 34.Ke3 a5 35.Rf2 Rc8 36.Kd3 h6
37.Rh2 Rh8 38.Ne4 Ra8 39.Ng3 a4 40.Nf5+ Kd7 41.b4 a3 42.Nxg7 Ra4 43.e6+ Bxe6
44.Nxe6 Kxe6 45.Rc2 Kd6 46.Rc3 Rxb4 47.Rxa3 Rb2 48.Ke4 Re2+ 49.Kd3 Re1 50.Rc3 b4
51.Rb3 Kd5 52.Rxb4 Rh1 53.a4 Rxh3+ 54.Kc2 Rg3 55.Kb2 Rg2+ 56.Kb3 Rxg4 57.a5 Rg3+
58.Kb2 Rg2+ 59.Kb3 Rg3+ 60.Kb2 Re3 61.a6 Re8 62.Ra4 g4 63.Ra5+ Kc4 64.Rc5+ Kxd4
65.Rxc6 h5 66.Rh6 Rb8+ 67.Kc2 g3 68.Rxh5 Rg8 69.Rh1 Ke3 70.Kc3 Rg4 71.a7 Rg8
72.Kc4 Ra8 73.Rh7 g2  1/2-1/2

[Event "Riga op"]
[Site "Riga"]
[Date "1987.??.??"]
[Round "?"]
[White "Dreev, Alexey"]
[Black "Smirin, Ilia"]
[Result "1-0"]
[WhiteElo "2465"]
[BlackElo "2465"]

1.d4 Nf6 2.Nf3 e6 3.c4 b6 4.Nc3 Bb7 5.a3 g6 6.Qc2 Bg7 7.e4 O-O 8.Be2 d5 9.cxd5 exd5
10.e5 Ne4 11.Bf4 c5 12.Rd1 cxd4 13.Nxe4 dxe4 14.Nxd4 Qe7 15.e6 Bxd4 16.Rxd4 fxe6
17.Be3 Bd5 18.Bc4 Qf7 19.Rxe4 Qf5 20.Bd3 Nc6 21.Rc4 Qe5 22.Rxc6 Bxg2 23.Rg1 Bxc6
24.Qxc6 Rae8 25.Qb5 Qxh2 26.Qg5 Rf7 27.Rg3 Qh1+ 28.Ke2 Rd7 29.Rg1 Qd5 30.Bb5 Rc8
31.Bxd7 Rc2+ 32.Kf1 Qxd7 33.b4 Ra2 34.Qe5 Qc6 35.Bd4 Kf7 36.Qg7+ Ke8 37.Qg8+ Kd7
38.Qxh7+ Kc8 39.Qg8+ Kb7 40.Qg7+ Ka6 41.Qe5 Qf3 42.b5+ Ka5 43.Bc3+ Ka4 44.Qd4+ Kb3
45.Qb4+ Kc2 46.Qc4 Rxa3 47.Bb4+ Kd1 48.Qg4 Qxg4 49.Rxg4 Rb3 50.Rc4 g5 51.Kg2 Ke2
52.Rd4 Rb2 53.Kg3 Rb3+ 54.Kg2 Rb2 55.Rg4 Kd1 56.Kg3 Rb3+ 57.f3 Kc2 58.Re4 Kb1
59.Kg4 Kc2 60.Rc4+ Kd3 61.Re4 Kc2  1-0

[Event "Riga op"]
[Site "Riga"]
[Date "1987.??.??"]
[Round "?"]
[White "Smirin, Ilia"]
[Black "Dreev, Alexey"]
[Result "0-1"]
[WhiteElo "2465"]
[BlackElo "2465"]

1.d4 Nf6 2.c4 g6 3.Nc3 d5 4.cxd5 Nxd5 5.e4 Nxc3 6.bxc3 Bg7 7.Nf3 c5 8.Bb5+ Nd7
9.O-O O-O 10.Qe2 a6 11.Bd3 b5 12.a4 b4 13.cxb4 cxb4 14.Be3 a5 15.Nd2 Bb7
16.Nb3 Qb6 17.Rac1 Rfc8 18.Bb5 Qd8 19.f3 e6 20.Rfd1 Bf8 21.Nc5 Bc6 22.Ba6 Rc7
23.Bf4 Nxc5 24.Bxc7 Qxc7 25.Bb5 Bxb5 26.Qxb5 Rb8 27.Qe2 b3 28.dxc5 b2 29.Rb1 Qxc5+
30.Kh1 Bg7 31.f4 Bd4 32.e5 Rb4 33.Qe4 Kg7 34.Qa8 Rxa4 35.Qd8 Qd5 36.Qf6+ Kg8
37.h4 Ra1 38.Kh2 Rxb1 39.Rxb1 h5 40.Qe7 Qe4 41.Rf1 b1=Q 42.Rxb1 Qxb1 43.Qd8+ Kh7
44.Qxd4 Qb4 45.Qe3 a4 46.g3 a3 47.Qa7 Kg7 48.f5 gxf5 49.Qe3 f4 50.gxf4 a2
51.Qg1+ Kh7 52.Qa7 Qxf4+  0-1

[Event "Riga op"]
[Site "Riga"]
[Date "1987.??.??"]
[Round "?"]
[White "Dreev, Alexey"]
[Black "Serper, Grigory"]
[Result "1/2-1/2"]
[WhiteElo "2465"]
[BlackElo "2365"]

1.d4 Nf6 2.c4 c6 3.Nc3 d5 4.Nf3 e6 5.Bg5 Be7 6.e3 O-O 7.Qc2 Nbd7 8.Rd1 Re8
9.a3 Nf8 10.Bd3 dxc4 11.Bxc4 Nd5 12.Bxe7 Qxe7 13.Ne4 b6 14.O-O Bb7 15.Rc1 Rec8
16.Ne5 h6 17.Qe2 a5 18.Rc2 c5 19.dxc5 bxc5 20.Bb5 Rab8 21.Rfc1 Nxe3 22.Qxe3 Bxe4
23.Rxc5 Rxc5 24.Rxc5 Bd5 25.Qc3 Qh4 26.Nxf7 Qh5 27.Qe5 Qg6 28.f3 Bxf3 29.Ng5 hxg5
30.gxf3 Rd8 31.Qxg5 Rd1+ 32.Bf1 Qd3 33.Qg2 Qd6 34.Rc2 Nd7 35.Qg6 Qd4+ 36.Kg2 Rd2+
37.Rxd2 Qxd2+ 38.Kg3 Nf6 39.Bc4 Qd6+ 40.Kh3 Nd5 41.Qe4 Kf7 42.Bxd5 exd5 43.Qd4 Qe6+
44.Kg3 Qe1+ 45.Kg4 Ke6 46.f4 Qe2+ 47.Kg3 Qe1+ 48.Kf3 Qf1+ 49.Ke3 Qh3+ 50.Kd2 Qxh2+
51.Kc3 Qg3+ 52.Kc2 Qg2+ 53.Kc3 Qf3+ 54.Kc2 Qe2+  1/2-1/2

[Event "Armed Forces-ch "]
[Site "Sverdlovsk"]
[Date "1987.??.??"]
[Round "?"]
[White "Ivanchuk, Vassily"]
[Black "Dreev, Alexey"]
[Result "1-0"]
[WhiteElo "2475"]
[BlackElo "2465"]

1.e4 e6 2.d4 d5 3.Nd2 Nf6 4.e5 Nfd7 5.c3 c5 6.Bd3 Nc6 7.Ne2 cxd4 8.cxd4 f6
9.exf6 Nxf6 10.Nf3 Bd6 11.O-O Qc7 12.g3 O-O 13.Bf4 Bd7 14.Rc1 Rac8 15.Re1 Kh8
16.Qd2 Qb8 17.Bb5 a6 18.Bxc6 bxc6 19.Bxd6 Qxd6 20.Ne5 c5 21.f3 Bb5 22.Nf4 Nd7
23.Neg6+ hxg6 24.Rxe6 Qc7 25.Nxg6+ Kg8 26.Ne7+ Kf7 27.Qg5 Bd3 28.Nxd5 Kxe6
29.Nxc7+ Kd6 30.dxc5+ Kxc7 31.c6 Nf6 32.Qe5+  1-0

[Event "Uzhgorod"]
[Site "Uzhgorod"]
[Date "1987.??.??"]
[Round "?"]
[White "Huzman, Alexander"]
[Black "Dreev, Alexey"]
[Result "1-0"]
[WhiteElo "2435"]
[BlackElo "2465"]

1.Nf3 d5 2.d4 Nf6 3.c4 e6 4.Nc3 Nbd7 5.Bg5 Bb4 6.cxd5 exd5 7.e3 c5 8.Bd3 Qa5
9.Qc2 c4 10.Bf5 O-O 11.O-O Re8 12.Nd2 g6 13.Bh3 Kg7 14.Rae1 Ne4 15.Ndxe4 dxe4
16.Bf4 Nb6 17.Bxc8 Raxc8 18.f3 exf3 19.Rxf3 f5 20.e4 Kg8 21.Bg3 fxe4 22.Rxe4 Bxc3
23.bxc3 Qd5 24.Rg4 Qd7 25.Rg5 Rf8 26.Rxg6+ hxg6 27.Qxg6+ Qg7 28.Qe6+ Rf7
29.Bd6 Rf8 30.Be5 Qg5 31.Rg3 Qxg3 32.hxg3 Kh7 33.Qh3+ Kg6 34.Qg4+ Kh6 35.Bf4+ Kh7
36.Qh5+ Kg8 37.Be5  1-0

[Event "Uzhgorod"]
[Site "Uzhgorod"]
[Date "1987.??.??"]
[Round "?"]
[White "Serper, Grigory"]
[Black "Dreev, Alexey"]
[Result "1/2-1/2"]
[WhiteElo "2365"]
[BlackElo "2465"]

1.e4 e5 2.Nf3 d6 3.Nc3 Nc6 4.Bb5 Bd7 5.O-O g6 6.d4 Bg7 7.Bg5 f6 8.Be3 Nge7
9.dxe5 Nxe5 10.Nxe5 Bxb5 11.Nxg6 Bxf1 12.Nxh8 Bc4 13.Qh5+ Kd7 14.Qg4+ Be6
15.Qxg7 Qxh8 16.Qh6 Rg8 17.Bd4 Rg6 18.Qe3 c5 19.Bxc5 dxc5 20.Qxc5 Qb8 21.Nb5 Bg4
22.Qd4+ Ke8 23.Nd6+ Kf8 24.Re1 Qd8 25.Qc5 Rg5 26.e5 Bf3 27.g3 fxe5 28.Rxe5 Rg6
29.Re3 Bc6 30.Rd3 Qd7 31.Nc4 Re6 32.Ne5 Qc7 33.Nxc6 Qxc6 34.Qxc6 Nxc6 35.Rd7 Re7
36.Rxe7 Kxe7 37.c3 Ke6 38.Kf1 Kf5 39.Ke2 h5 40.h3 Ne5 41.f4 Nc4 42.b3 Nb6
43.Kf3 Nd5 44.g4+ hxg4+ 45.hxg4+ Kf6 46.c4 Nb4 47.a4 Nc6 48.Ke4 Na5 49.Kd5 Nxb3
50.Kd6 Nd2 51.Kc7 b6 52.Kb7 Nxc4 53.Kxa7 Nb2  1/2-1/2

[Event "Uzhgorod"]
[Site "Uzhgorod"]
[Date "1987.??.??"]
[Round "?"]
[White "Novikov, Igor A"]
[Black "Dreev, Alexey"]
[Result "1/2-1/2"]
[WhiteElo "2480"]
[BlackElo "2465"]

1.d4 d5 2.c4 e6 3.Nf3 c6 4.Nc3 f5 5.Bf4 Nf6 6.e3 Be7 7.Bd3 O-O 8.Qc2 Ne4
9.g4 Qa5 10.gxf5 exf5 11.cxd5 cxd5 12.Ke2 b6 13.Nb5 Ba6 14.Qb3 Rd8 15.Rhd1 Nc6
16.a3 Rac8 17.Rac1 g5 18.Bc7 Bxb5 19.Bxb5 Rxc7 20.Bxc6 Qa6+ 21.Ke1 Qa5+ 22.Kf1 Qa6+
23.Kg2 Qe2 24.Rc2 Qxd1 25.Bxd5+ Kf8 26.Rxc7 Qxf3+ 27.Kxf3 Nd2+ 28.Ke2 Nxb3
29.Bxb3 Rd6 30.Rxa7 Rh6 31.Ra8+ Kg7 32.Rg8+ Kf6 33.Rb8 Kg7 34.Bc2 Rxh2 35.Bxf5 h5
36.Rxb6 g4 37.Rb7 Kf8 38.Rb8+ Kg7 39.Rb7 Kf8 40.Bg6 g3 41.Kf1 Rxf2+ 42.Kg1 h4
43.Rb5 Kg7 44.Bf5 Bg5 45.Re5 Re2 46.Kf1 g2+ 47.Kg1 Kf6 48.Bc8 Bxe3+ 49.Rxe3 Rxe3
50.Kxg2 Rg3+ 51.Kh2 Rb3 52.d5 Rxb2+ 53.Kh3 Kg5 54.a4  1/2-1/2

[Event "Uzhgorod"]
[Site "Uzhgorod"]
[Date "1987.??.??"]
[Round "?"]
[White "Shneider, Aleksandr"]
[Black "Dreev, Alexey"]
[Result "1/2-1/2"]
[WhiteElo "2470"]
[BlackElo "2465"]

1.d4 d5 2.c4 e6 3.Nf3 Nf6 4.Nc3 Nbd7 5.Bg5 Bb4 6.cxd5 exd5 7.e3 c5 8.Bd3 Qa5
9.Qc2 c4 10.Bf5 O-O 11.O-O Re8 12.Nd2 g6 13.Bh3 Kg7 14.Rae1 Ne4 15.Ndxe4 dxe4
16.Bxd7 Bxd7 17.Bf4 Bc6 18.Rc1 Rac8 19.Rfd1 Bd5 20.a3 Bxc3 21.bxc3 Qxa3 22.Ra1 Qb3
23.Qd2 Qb6 24.Rdb1 Qe6 25.Rxa7 Ra8 26.Qa2 b5 27.g3 Kg8 28.Qa5 Rxa7 29.Qxa7 Bc6
30.Qa5 Bd7  1/2-1/2

[Event "Uzhgorod"]
[Site "Uzhgorod"]
[Date "1987.??.??"]
[Round "?"]
[White "Epishin, Vladimir"]
[Black "Dreev, Alexey"]
[Result "1/2-1/2"]
[WhiteElo "2400"]
[BlackElo "2465"]

1.Nf3 d5 2.d4 Nf6 3.c4 e6 4.Nc3 Nbd7 5.Bg5 Bb4 6.cxd5 exd5 7.e3 c5 8.Bb5 Qa5
9.O-O Bxc3 10.Bxd7+ Nxd7 11.bxc3 b6 12.Qc2 O-O 13.a4 f6 14.Bf4 Bb7 15.Rfb1 Rac8
16.Bd6 Rfe8 17.dxc5 Nxc5 18.Nd4 Ne4 19.Bb4 Qa6 20.a5 b5 21.f3 Nd6 22.Qf2 Nc4
23.Qg3 Rcd8 24.Qc7 Rc8 25.Qg3 Rcd8 26.Qc7 Rc8 27.Qg3  1/2-1/2

[Event "Uzhgorod"]
[Site "Uzhgorod"]
[Date "1987.??.??"]
[Round "?"]
[White "Dreev, Alexey"]
[Black "Yakovich, Yuri"]
[Result "1/2-1/2"]
[WhiteElo "2465"]
[BlackElo "2450"]

1.e4 e5 2.Bc4 Nf6 3.d3 Nc6 4.Nf3 Bc5 5.c3 a6 6.O-O d6 7.Bb3 Ba7 8.Nbd2 O-O
9.Re1 Ng4 10.Re2 Kh8 11.h3 Nh6 12.Nf1 f5 13.Bxh6 gxh6 14.exf5 Bxf5 15.Bd5 Ne7
16.Be4 Ng6 17.Ng3 Bxe4 18.Rxe4 d5 19.Rg4 Qd6 20.d4 e4 21.Nh4 Nxh4 22.Rxh4 e3
23.f4 Rxf4 24.Rxf4 Qxf4 25.Qg4 Qxg4 26.hxg4 c5 27.Nf5 Rg8 28.Re1 cxd4 29.cxd4 Re8
30.Kf1 Re4 31.Rc1 Rxg4 32.Rc8+ Rg8 33.Rxg8+ Kxg8 34.Ke2 Kf7 35.Kxe3 Ke6 36.Nxh6 Bb6  1/2-1/2

[Event "Uzhgorod"]
[Site "Uzhgorod"]
[Date "1987.??.??"]
[Round "?"]
[White "Dreev, Alexey"]
[Black "Kruppa, Yuri"]
[Result "1-0"]
[WhiteElo "2465"]
[BlackElo "2455"]

1.d4 Nf6 2.Nf3 d5 3.c4 e6 4.Nc3 Be7 5.Bg5 h6 6.Bxf6 Bxf6 7.e3 O-O 8.Rc1 c6
9.Bd3 Nd7 10.O-O dxc4 11.Bxc4 e5 12.h3 exd4 13.exd4 Nb6 14.Bb3 Bf5 15.Re1 Qd7
16.Ne4 Bxe4 17.Rxe4 Rad8 18.Qd3 Nd5 19.Rce1 Qc7 20.a3 g6 21.h4 Bg7 22.h5 Nf4
23.Qc2 g5 24.Ne5 Nd5 25.g3 Qc8 26.Qd3 Qh3 27.Bd1 f5 28.Qb3 Bxe5 29.Rxe5 f4
30.Re6 fxg3 31.fxg3 Rf1+ 32.Rxf1 Qxe6 33.Qxb7 Rf8 34.Rxf8+ Kxf8 35.Qb8+ Kf7
36.Qb7+ Kf6 37.Qa6 Qe3+ 38.Kg2 Qc1 39.Bf3 Ne3+ 40.Kf2 Qd2+ 41.Be2 Qxd4 42.Qxc6+ Ke7
43.Qb7+ Ke6 44.Qa6+ Ke7 45.Qd3 Ng4+ 46.Ke1 Qf2+ 47.Kd2 Ne5 48.Qh7+ Nf7 49.Qe4+ Kf8
50.g4 Qg3 51.Qe6 Qf4+ 52.Kc2 Kg7 53.Bc4  1-0

[Event "Uzhgorod"]
[Site "Uzhgorod"]
[Date "1987.??.??"]
[Round "?"]
[White "Dreev, Alexey"]
[Black "Giorgadze, Giorgi"]
[Result "1/2-1/2"]
[WhiteElo "2465"]
[BlackElo "2380"]

1.d4 Nf6 2.c4 e6 3.Nf3 d5 4.Nc3 Bb4 5.Bg5 h6 6.Bxf6 Bxc3+ 7.bxc3 Qxf6 8.Qb3 c6
9.g3 O-O 10.Bg2 Nd7 11.O-O Qe7 12.a4 b6 13.Nd2 Ba6 14.a5 b5 15.cxd5 cxd5
16.Rfc1 Rfc8 17.e3 Rab8 18.Bf1 Nf6 19.Qb4 Kf8 20.Nb3 Ne4 21.Qxe7+ Kxe7 22.f3 Nd6
23.Nc5 Bb7 24.a6 Bc6 25.Kf2 Ne8 26.e4 Nf6 27.Ke3 Nd7 28.Nd3 Rb6 29.Nb4 Nb8
30.Ra5 dxe4 31.fxe4 Bd7 32.Kd2 Nc6 33.Nxc6+ Bxc6 34.Bd3 e5 35.Rb1 Rcb8 36.Rb4 Bd7
37.dxe5 Rc8 38.Bxb5 Rc5 39.c4 Rxe5 40.Kc3 Kd6 41.Rb2 Bxb5 42.Raxb5 Rexb5
43.cxb5 Kc5 44.Rd2 Kxb5 45.Rd7 Kxa6 46.Rxf7 Rb7  1/2-1/2

[Event "EU-ch U20"]
[Site "Arnhem"]
[Date "1988.??.??"]
[Round "3"]
[White "Degraeve, Jean Marc"]
[Black "Dreev, Alexey"]
[Result "0-1"]
[WhiteElo "2315"]
[BlackElo "2495"]

1.e4 Nf6 2.e5 Nd5 3.d4 d6 4.Bc4 Nb6 5.Bb3 a5 6.Qf3 e6 7.c3 dxe5 8.dxe5 Bd7
9.Qg3 a4 10.Bc2 Bb5 11.Bg5 Qd5 12.Na3 N8d7 13.Rd1 Qc6 14.Nxb5 Qxb5 15.Nf3 Qxb2
16.Nd4 Nd5 17.Rb1 Qxc3+ 18.Qxc3 Nxc3 19.Rxb7 Bc5 20.Nb5 Nxb5 21.Rxb5 c6 22.Rb7 Nxe5
23.f4 Ng4 24.h3 Ne3 25.Be4 Nd5 26.f5 O-O 27.Kd2 f6 28.Bh4 e5 29.Rhb1 Rfd8
30.Bxd5+ cxd5  0-1

[Event "EU-ch U20"]
[Site "Arnhem"]
[Date "1988.??.??"]
[Round "4"]
[White "Dreev, Alexey"]
[Black "Djurhuus, Rune"]
[Result "0-1"]
[WhiteElo "2495"]
[BlackElo "2305"]

1.d4 e6 2.c4 f5 3.g3 Nf6 4.Bg2 d5 5.Nf3 c6 6.O-O Bd6 7.b3 Qe7 8.Bb2 b6 9.Qc1 Bb7
10.Ba3 Bxa3 11.Qxa3 Qxa3 12.Nxa3 Ke7 13.Ne5 Nbd7 14.Nxd7 Nxd7 15.Rac1 a5
16.Rfd1 Ba6 17.e3 b5 18.cxb5 cxb5 19.Bf1 b4 20.Nb5 Bxb5 21.Bxb5 Rhc8 22.Kf1 Kd6
23.Ke2 Nb6 24.Kd2 Rxc1 25.Rxc1 Rc8 26.Rb1 h6 27.a3 Rb8 28.axb4 axb4 29.Kc2 Rc8+
30.Kb2 g5 31.Ra1 Ra8 32.Rh1 Rc8 33.Be2 f4 34.exf4 gxf4 35.Bg4 Rg8 36.Bh3 fxg3
37.hxg3 e5 38.dxe5+ Kxe5 39.Re1+ Kd4 40.Re6 Nd7 41.Rxh6 Nc5 42.Rh4+ Ke5 43.Rh5+ Kd4
44.Bf5 Rf8 45.f4 Re8 46.Rh2 Ke3 47.Rh1 Ne4 48.Bg6 Rf8 49.Re1+ Kd2 50.Rg1 Nf2
51.Rg2 Ke3 52.Rg1 d4 53.Bb1 d3 54.g4 Rxf4 55.g5 Rg4 56.Re1+ Kd4 57.Re6 Rxg5
58.Rb6 Kc5 59.Ra6 Rd5 60.Ra5+ Kd6 61.Ra6+ Ke5 62.Bxd3 Nxd3+ 63.Kc2 Ne1+ 64.Kc1 Rc5+
65.Kd1 Nd3 66.Ra8 Rc3 67.Re8+ Kd4 68.Rd8+ Ke4 69.Rb8 Rxb3 70.Kc2 Rb2+ 71.Kd1 Nc5
72.Kc1 Rb3 73.Kc2 Kd4 74.Rb5 Rc3+  0-1